Statistiques concernant Bundesliga : les meilleurs passeurs de 2020/2021

Cliquez ici pour prendre le quiz!

Statistiques générales

  • Ce quiz a été pris 49 fois
  • Le résultat moyen est 8 sur 21

Statistiques - réponses

Club et NombreJoueur% Correct
Bayern Munich 19Muller
94%
Bayern Munich 7Lewandowski
80%
Bayern Munich 9Sané
73%
Bayern Munich 10Coman
67%
Bayer Leverkusen 11Diaby
65%
Bayern Munich 10Kimmich
61%
Francfort 14Kostic
55%
Francfort 12Kamada
49%
Gladbach 8Stindl
41%
Dortmund 11Sancho
39%
Dortmund 10Guerreiro
33%
Francfort 7Silva
33%
Fribourg 10Grifo
27%
Gladbach 11Hofmann
18%
Leipzig 9Olmo
16%
Hoffenheim 7Bebou
10%
Union Berlin 9Trimmel
10%
Wolfsburg 8Weghorst
10%
Bayer Leverkusen 8Bailey
8%
Wolfsburg 7Baku
8%
Stuttgart 9Sosa
2%

Distribution des résultats

Percentile par nombre de réponses

% des personnes avec chaque résultat

Votre développement - résultats

Vous n’avez pas pris ce quiz